[Event "Skopje op"]
[Site "Skopje"]
[Date "2023.12.10"]
[Round "6"]
[White "Dristellas, Neoklis"]
[Black "Djuric, Stefan"]
[Result "1-0"]
[WhiteElo "1835"]
[BlackElo "2221"]
[PlyCount "119"]
[EventDate "2023.12.06"]
[EventType "swiss"]
[EventRounds "9"]
[EventCountry "MKD"]
[SourceTitle "CB50_2023"]
[SourceDate "2023.12.13"]
[SourceVersion "1"]
[SourceVersionDate "2023.12.13"]
[SourceQuality "1"]

1. e4 c5 2. Nf3 Nc6 3. d4 cxd4 4. Nxd4 Qc7 5. Nc3 e6 6. f4 a6 7. Nxc6 bxc6 8. Bd3 d5 9. 0-0 Nf6 10. Qf3 Be7 11. Kh1 0-0 12. Be3 a5 13. e5 Ne8 14. Na4 c5 15. f5 exf5 16. Nc3 Be6 17. Nxd5 Bxd5 18. Qxd5 Rd8 19. Qb3 Qxe5 20. Rae1 Qc7 21. Rxf5 Rb8 22. Qd5 g6 23. Bf4 Bd6 24. Bxd6 Nxd6 25. Qxc5 Qxc5 26. Rxc5 Rxb2 27. Rxa5 Rc8 28. h3 Nb7 29. Ra7 h5 30. Re7 Nd6 31. Red7 Rc6 32. Bxg6 Rb1+ 33. Kh2 Rf1 34. Bxh5 Rf6 35. Rdc7 Rb6 36. a4 Rb1 37. Ra6 Kg7 38. Rcc6 Ne4 39. Rxf6 Nxf6 40. Bf3 Rb2 41. Rc6 Ra2 42. Rc4 Nd7 43. Rg4+ Kf8 44. Rd4 Nc5 45. Rc4 Nxa4 46. Rc8+ Kg7 47. Be4 Nb6 48. Rc6 Nd7 49. Bd5 Ra5 50. c4 Ne5 51. Rc7 Ra3 52. Rb7 Rc3 53. Ra7 Kg6 54. Rc7 f5 55. Re7 Re3 56. Re6+ Kg5 57. c5 f4 58. c6 Kf5 59. c7 Rc3 60. Rc6 1-0

[Event "GRE-ch U16"]
[Site "Peristeri"]
[Date "2023.07.05"]
[Round "4"]
[White "Papaoulakis, Isidoros"]
[Black "Dristellas, Neoklis"]
[Result "0-1"]
[WhiteElo "1872"]
[BlackElo "1753"]
[PlyCount "176"]
[EventDate "2023.07.03"]
[EventType "swiss"]
[EventRounds "9"]
[EventCountry "GRE"]
[SourceTitle "EXT 2024"]
[Source "ChessBase"]
[SourceDate "2023.10.10"]
[SourceVersion "1"]
[SourceVersionDate "2023.10.10"]
[SourceQuality "1"]

1. d4 Nf6 2. c4 e6 3. Nf3 c5 4. d5 d6 5. Nc3 exd5 6. cxd5 g6 7. e4 a6 8. a4 Bg4 9. Be2 Bxf3 10. Bxf3 Nbd7 11. 0-0 Bg7 12. Be2 0-0 13. Qc2 Rb8 14. a5 Ne8 15. Kh1 Nc7 16. Bd2 Qe7 17. f4 b5 18. axb6 Rxb6 19. Ra2 Rfb8 20. Rd1 Rb4 21. e5 Rd4 22. Be3 dxe5 23. Bxd4 exd4 24. Bg4 Qd6 25. Na4 Nxd5 26. Qe2 Nxf4 27. Qf2 Ne6 28. Bxe6 Qxe6 29. Raa1 Rc8 30. Rac1 Qb3 31. Qc2 Qd5 32. Qc4 Qc6 33. h3 Rb8 34. Nxc5 Rxb2 35. Rg1 Nxc5 36. Qxc5 Qxc5 37. Rxc5 Rb6 38. Rc8+ Bf8 39. Rd8 Kg7 40. Rd1 Bd6 41. Kg1 a5 42. Kf1 Bc5 43. Rd5 Rf6+ 44. Ke2 Bb6 45. Rf1 Re6+ 46. Kd2 Re7 47. Rb5 Re6 48. Rd5 Re7 49. Rb5 Bc7 50. Rd5 Be5 51. Rxa5 f6 52. Ra2 Rb7 53. Rc2 Rb3 54. Rf3 Rb1 55. Rc1 Rb8 56. Rc4 h5 57. g4 hxg4 58. hxg4 Kh6 59. Rf2 Kg5 60. Rg2 Rh8 61. Ke2 Rh3 62. Rc5 Re3+ 63. Kd2 Ra3 64. Kd1 d3 65. Rc1 Bf4 66. Rb1 d2 67. Rb5+ Kh4 68. Rb1 Rc3 69. Rxd2 Bxd2 70. Kxd2 Rf3 71. Rb4 Kg5 72. Ke2 Rf4 73. Rb1 Rxg4 74. Kf2 Ra4 75. Rb2 f5 76. Kf3 Ra3+ 77. Kg2 Kg4 78. Kh2 Rh3+ 79. Kg2 Rg3+ 80. Kh2 f4 81. Rf2 g5 82. Rf1 Rh3+ 83. Kg2 f3+ 84. Kf2 Rh2+ 85. Kg1 Re2 86. Kh1 Kf4 87. Kg1 Kg3 88. Kh1 f2 0-1

[Event "GRE-ch U16"]
[Site "Peristeri"]
[Date "2023.07.04"]
[Round "2"]
[White "Tsarsitalidis, Christos"]
[Black "Dristellas, Neoklis"]
[Result "1-0"]
[WhiteElo "2025"]
[BlackElo "1753"]
[PlyCount "69"]
[EventDate "2023.07.03"]
[EventType "swiss"]
[EventRounds "9"]
[EventCountry "GRE"]
[SourceTitle "EXT 2024"]
[Source "ChessBase"]
[SourceDate "2023.10.10"]
[SourceVersion "1"]
[SourceVersionDate "2023.10.10"]
[SourceQuality "1"]

1. e4 e5 2. Nf3 Nc6 3. Bc4 Bc5 4. c3 Nf6 5. d4 exd4 6. e5 d5 7. Be2 Ne4 8. cxd4 Bb6 9. Nc3 0-0 10. 0-0 f5 11. exf6 Nxf6 12. h3 Ne4 13. Qb3 Kh8 14. Be3 Bf5 15. Rac1 Ne7 16. Ne5 c6 17. Na4 Ng6 18. Nxb6 Qxb6 19. Qxb6 axb6 20. a3 Nxe5 21. dxe5 c5 22. g4 d4 23. Bxd4 cxd4 24. gxf5 Rxf5 25. f4 Ng3 26. Bd3 Nxf1 27. Bxf5 Ne3 28. Be4 Re8 29. Rc7 g5 30. f5 d3 31. f6 d2 32. Rxh7+ Kg8 33. f7+ Kf8 34. fxe8Q+ Kxe8 35. Bf3 1-0

[Event "GRE-ch U18"]
[Site "Larisa"]
[Date "2023.01.04"]
[Round "4"]
[White "Dristellas, Neoklis"]
[Black "Sidiropoulos, Vasilis"]
[Result "1-0"]
[WhiteElo "1898"]
[BlackElo "1799"]
[PlyCount "121"]
[EventDate "2023.01.02"]
[EventType "swiss"]
[EventRounds "9"]
[EventCountry "GRE"]
[SourceTitle "CBM 212 Extra"]
[Source "ChessBase"]
[SourceDate "2023.03.31"]
[SourceVersion "1"]
[SourceVersionDate "2023.03.31"]
[SourceQuality "1"]

1. e4 c5 2. Nf3 e6 3. d4 cxd4 4. Nxd4 Nf6 5. Nc3 Nc6 6. Ndb5 d6 7. Bf4 e5 8. Bg5 a6 9. Na3 b5 10. Nd5 Be7 11. Bxf6 Bxf6 12. c3 Bg5 13. Nc2 Ne7 14. h4 Bh6 15. a4 bxa4 16. Rxa4 0-0 17. Ncb4 a5 18. Nxe7+ Qxe7 19. Nd5 Qb7 20. b3 Bd7 21. Ra2 Be6 22. Bc4 Rfc8 23. Qd3 Ra7 24. 0-0 Bxd5 25. Bxd5 Qc7 26. Bc4 g6 27. Rfa1 Qc5 28. Ra4 Bf8 29. R1a2 Be7 30. Bxf7+ Kxf7 31. Rc4 Qxc4 32. bxc4 Rc5 33. Ra4 Kg7 34. Qb1 Rac7 35. Qd3 R7c6 36. Qh3 Kf7 37. Qd3 Kg7 38. g3 Rc7 39. Kg2 Rd7 40. Kh3 Rdc7 41. Qe2 Bf6 42. Qa2 Be7 43. Kg4 Ra7 44. Qb3 Rac7 45. Kf3 Bd8 46. Ke2 Rf7 47. Ra2 Rc6 48. Qb5 Rb6 49. Qd5 Bc7 50. Rd2 Rb3 51. h5 Rf6 52. g4 g5 53. Qc6 Rf7 54. h6+ Kxh6 55. c5 Rxc3 56. Qe8 Rcf3 57. cxd6 Bb6 58. d7 Rxf2+ 59. Kd1 Rf8 60. Rxf2 Rxf2 61. Qe6+ 1-0

[Event "GRE-ch U20"]
[Site "Trikala"]
[Date "2022.08.30"]
[Round "8"]
[White "Dristellas, Neoklis"]
[Black "Dogias, Christos"]
[Result "1-0"]
[WhiteElo "1859"]
[BlackElo "1772"]
[PlyCount "51"]
[EventDate "2022.08.25"]
[EventType "swiss"]
[EventRounds "9"]
[EventCountry "GRE"]
[SourceTitle "CBM 210 Extra"]
[Source "ChessBase"]
[SourceDate "2022.11.30"]
[SourceVersion "1"]
[SourceVersionDate "2022.11.30"]
[SourceQuality "1"]

1. e4 c5 2. Nf3 e6 3. d4 cxd4 4. Nxd4 Nc6 5. Nc3 Qc7 6. Be3 a6 7. Qf3 b5 8. Nxc6 Qxc6 9. Bd3 Bb7 10. Qg3 Nf6 11. e5 Nd5 12. Nxd5 Qxd5 13. 0-0 d6 14. f4 dxe5 15. fxe5 Bc5 16. Rae1 0-0 17. Be4 Bxe3+ 18. Rxe3 Qd7 19. Bxh7+ Kxh7 20. Qh4+ Kg8 21. Rh3 f5 22. exf6 Rxf6 23. Rxf6 gxf6 24. Rg3+ Qg7 25. Qxf6 Qxg3 26. Qxe6+ 1-0

[Event "Agria op"]
[Site "Agria Magnisias"]
[Date "2022.06.23"]
[Round "7"]
[White "Dristellas, Neoklis"]
[Black "Bougas, Georgios"]
[Result "0-1"]
[WhiteElo "1849"]
[BlackElo "1572"]
[PlyCount "136"]
[EventDate "2022.06.19"]
[EventType "swiss"]
[EventRounds "7"]
[EventCountry "GRE"]
[SourceTitle "EXT 2024"]
[Source "ChessBase"]
[SourceDate "2023.10.10"]
[SourceVersion "1"]
[SourceVersionDate "2023.10.10"]
[SourceQuality "1"]

1. e4 c5 2. Nf3 e6 3. d4 cxd4 4. Nxd4 Nc6 5. Nc3 Qc7 6. f4 a6 7. Be3 b5 8. a3 Bb7 9. Qd2 Rc8 10. Bd3 Nf6 11. Nxc6 Bxc6 12. 0-0 Be7 13. Kh1 0-0 14. Qe2 Qb7 15. Bd4 d6 16. a4 Ra8 17. Bxf6 Bxf6 18. e5 dxe5 19. fxe5 Bxe5 20. Ne4 g6 21. Nf6+ Bxf6 22. Rxf6 bxa4 23. h4 Bb5 24. h5 Qd5 25. hxg6 hxg6 26. c4 Qd4 27. Raf1 Kg7 28. R1f2 Bc6 29. R6f4 Qd6 30. Kg1 Rad8 31. Bc2 Rb8 32. Qe3 Bd7 33. c5 Qe7 34. Bxa4 Bxa4 35. Rxa4 Ra8 36. Qe5+ f6 37. Qd6 Qxd6 38. cxd6 Rfd8 39. Rd2 e5 40. d7 Ra7 41. Rd6 Rdxd7 42. Raxa6 Rxd6 43. Rxa7+ Kh6 44. Rb7 Rd1+ 45. Kf2 Kg5 46. Rb4 f5 47. Rb8 Rc1 48. Rb3 Rc2+ 49. Kf1 Kg4 50. Re3 e4 51. b3 Kf4 52. Rh3 g5 53. Rh6 g4 54. Rd6 g3 55. b4 Rb2 56. Rd1 Rxb4 57. Ra1 Rb2 58. Rc1 Rd2 59. Ra1 Rf2+ 60. Kg1 Kg4 61. Ra4 Rb2 62. Ra1 Rb4 63. Kf1 f4 64. Ra8 f3 65. Rg8+ Kf4 66. Ke1 Ke3 67. Kd1 fxg2 68. Rxg3+ Kf2 0-1

[Event "GRE-ch U18"]
[Site "Kavala"]
[Date "2022.05.01"]
[Round "8"]
[White "Stefanou, Dimitrios"]
[Black "Dristellas, Neoklis"]
[Result "1-0"]
[WhiteElo "2219"]
[BlackElo "1756"]
[PlyCount "147"]
[EventDate "2022.04.26"]
[EventType "swiss"]
[EventRounds "9"]
[EventCountry "GRE"]
[SourceTitle "CBM 208 Extra"]
[Source "ChessBase"]
[SourceDate "2022.07.31"]
[SourceVersion "1"]
[SourceVersionDate "2022.07.31"]
[SourceQuality "1"]

1. Nf3 Nf6 2. c4 c5 3. g3 g6 4. Bg2 Bg7 5. 0-0 Nc6 6. d4 cxd4 7. Nxd4 0-0 8. Nc3 Qa5 9. e3 a6 10. Bd2 Qh5 11. Qxh5 Nxh5 12. Nd5 Nf6 13. Nb6 Rb8 14. c5 d5 15. cxd6 Nxd4 16. exd4 exd6 17. Bf4 Rd8 18. Nxc8 Rbxc8 19. Rac1 d5 20. Bc7 Re8 21. Bh3 Ra8 22. Be5 Re7 23. Rc2 Rae8 24. Rfc1 Ne4 25. f3 Ng5 26. Bg2 f6 27. Bf4 Ne6 28. Be3 f5 29. Rd1 Nc7 30. Bf2 Nb5 31. a4 Rc7 32. Rc5 Rxc5 33. dxc5 Nc7 34. Rd2 f4 35. Bh3 Bh6 36. Rd1 fxg3 37. Bxg3 Ne6 38. Bxe6+ Rxe6 39. Rxd5 b6 40. Rd8+ Kf7 41. Rd7+ Kg8 42. b4 bxc5 43. bxc5 Be3+ 44. Bf2 Bxf2+ 45. Kxf2 Rc6 46. Rd5 Kf7 47. Ke3 Ke7 48. Kd4 Rf6 49. Ke4 Rc6 50. a5 Rf6 51. f4 Rc6 52. Re5+ Kd7 53. Kd5 Rf6 54. c6+ Kd8 55. Re4 h6 56. Kc5 Kc7 57. Re7+ Kd8 58. Rg7 Rxf4 59. Kb6 Rb4+ 60. Kxa6 g5 61. Rb7 Rc4 62. Kb6 Rb4+ 63. Kc5 Rxb7 64. cxb7 Kc7 65. a6 g4 66. Kd4 h5 67. Ke3 h4 68. Kf4 g3 69. hxg3 hxg3 70. Kxg3 Kb8 71. Kf4 Kc7 72. Ke5 Kb8 73. Kd6 Ka7 74. Kc7 1-0

[Event "GRE-ch U18"]
[Site "Kavala"]
[Date "2022.04.30"]
[Round "7"]
[White "Dristellas, Neoklis"]
[Black "Makridis, Dimitrios"]
[Result "1-0"]
[WhiteElo "1756"]
[BlackElo "2082"]
[PlyCount "119"]
[EventDate "2022.04.26"]
[EventType "swiss"]
[EventRounds "9"]
[EventCountry "GRE"]
[SourceTitle "CBM 208 Extra"]
[Source "ChessBase"]
[SourceDate "2022.07.31"]
[SourceVersion "1"]
[SourceVersionDate "2022.07.31"]
[SourceQuality "1"]

1. e4 c5 2. Nf3 Nf6 3. e5 Nd5 4. Nc3 e6 5. Ne4 Nc6 6. c4 f5 7. cxd5 fxe4 8. dxc6 exf3 9. cxd7+ Bxd7 10. Qxf3 Be7 11. Bd3 g6 12. 0-0 Bc6 13. Qh3 Qd4 14. Re1 0-0 15. Qe3 Qh4 16. g3 Qh5 17. Be4 Rf3 18. Qxf3 Qxf3 19. Bxf3 Bxf3 20. Re3 Rf8 21. d3 g5 22. h3 h5 23. Bd2 g4 24. h4 Rd8 25. Rc1 Bf8 26. Rc2 b6 27. Bc1 a5 28. Re1 Kf7 29. Rc3 Bd5 30. a3 Kg6 31. Bg5 Rd7 32. Kf1 a4 33. Be3 Bf3 34. b3 Ra7 35. bxa4 Rxa4 36. Rb1 Ra6 37. Rcb3 Kf7 38. Ke1 Bd5 39. Rxb6 Rxa3 40. Kd2 Kg6 41. Rc1 Kf5 42. Rb8 Bg7 43. Bxc5 Ra4 44. Rg8 Bxe5 45. Rg5+ Kf6 46. Be7+ Kxe7 47. Rxe5 Ra2+ 48. Rc2 Ra1 49. Rxh5 Bf3 50. Rh7+ Kf6 51. Rh6+ Ke5 52. Rh5+ Kf6 53. Rh8 Rd1+ 54. Kc3 Rh1 55. Rf8+ Ke5 56. Rxf3 gxf3 57. Kd2 Kd5 58. Ke3 Re1+ 59. Kxf3 Kd4 60. Re2 1-0

[Event "GRE-ch U18"]
[Site "Kavala"]
[Date "2022.04.29"]
[Round "6"]
[White "Dristellas, Neoklis"]
[Black "Krallis, Christos"]
[Result "1-0"]
[WhiteElo "1756"]
[BlackElo "2398"]
[PlyCount "92"]
[EventDate "2022.04.26"]
[EventType "swiss"]
[EventRounds "9"]
[EventCountry "GRE"]
[SourceTitle "CBM 208 Extra"]
[Source "ChessBase"]
[SourceDate "2022.07.31"]
[SourceVersion "1"]
[SourceVersionDate "2022.07.31"]
[SourceQuality "1"]

1. e4 c5 2. Nf3 d6 3. d4 cxd4 4. Qxd4 Nc6 5. Bb5 Bd7 6. Bxc6 Bxc6 7. Nc3 Nf6 8. Bg5 e6 9. 0-0-0 Be7 10. Rhe1 Qa5 11. Kb1 0-0 12. Qd2 Qa6 13. Nd4 Rfc8 14. f4 h6 15. Bxf6 Bxf6 16. g4 Be8 17. g5 hxg5 18. e5 dxe5 19. fxe5 Be7 20. Ne4 Rd8 21. h4 Bc6 22. hxg5 Bxe4 23. Rxe4 g6 24. Qh2 Bf8 25. Rh4 Bg7 26. Rh1 Kf8 27. Rh7 Ke7 28. Rxg7 Rh8 29. Rh7 Rxh7 30. Qxh7 Qc4 31. c3 Qd3+ 32. Ka1 Qe4 33. Rf1 Rf8 34. Qg7 Qg4 35. a3 a5 36. Qf6+ Kd7 37. Qf3 Qxf3 38. Rxf3 a4 39. Kb1 Ke7 40. Nb5 Kd7 41. Nd6 Kc6 42. Nxf7 Kd5 43. Rf6 b5 44. Kc2 Rg8 45. Kd3 Kc5 46. Rxe6 Kd5 1-0

[Event "GRE-chT 48th"]
[Site "Athens"]
[Date "2021.09.08"]
[Round "3.3"]
[White "Tragoudaras, Nikolaos"]
[Black "Dristellas, Neoklis"]
[Result "0-1"]
[WhiteElo "1701"]
[BlackElo "1865"]
[PlyCount "84"]
[EventDate "2021.09.07"]
[EventType "team-swiss"]
[EventRounds "7"]
[EventCountry "GRE"]
[SourceTitle "CBM 204 Extra"]
[Source "ChessBase"]
[SourceDate "2021.11.30"]
[SourceVersion "1"]
[SourceVersionDate "2021.11.30"]
[SourceQuality "1"]
[WhiteTeam "Ames Neas Erythreas"]
[BlackTeam "Evoiki ES"]
[WhiteTeamCountry "GRE"]
[BlackTeamCountry "GRE"]

1. e4 c5 2. Nf3 Nc6 3. d4 cxd4 4. Nxd4 g6 5. c4 Nf6 6. Nc3 Nxd4 7. Qxd4 d6 8. f3 Bg7 9. Be3 0-0 10. Qd2 a5 11. Na4 Nd7 12. 0-0-0 b6 13. Kb1 Nc5 14. Nc3 a4 15. Bh6 a3 16. Bxg7 Kxg7 17. b3 Rh8 18. h4 h5 19. Be2 Be6 20. g4 f6 21. gxh5 Rxh5 22. f4 Rh6 23. Rdg1 Qh8 24. f5 Bf7 25. fxg6 Rxg6 26. Bf3 Rg8 27. Rxg6+ Bxg6 28. b4 Nd7 29. Bg4 Ne5 30. Be6 Bf7 31. Qd5 Bxe6 32. Qxe6 Kf8 33. Nd5 Qh7 34. Re1 Qf7 35. Qc8+ Qe8 36. Qc7 Nf3 37. Rd1 Rg2 38. Qxb6 Nd2+ 39. Ka1 Nxe4 40. Qe3 Qh5 41. Qb3 Qe5+ 42. Kb1 Rb2+ 0-1

[Event "GRE-ch U14"]
[Site "Patras"]
[Date "2021.09.02"]
[Round "6"]
[White "Dristellas, Neoklis"]
[Black "Poupalos, Nikolaos"]
[Result "1/2-1/2"]
[WhiteElo "1865"]
[BlackElo "2005"]
[PlyCount "117"]
[EventDate "2021.08.30"]
[EventType "swiss"]
[EventRounds "9"]
[EventCountry "GRE"]
[SourceTitle "EXT 2022"]
[Source "ChessBase"]
[SourceDate "2021.10.06"]
[SourceVersion "1"]
[SourceVersionDate "2021.10.06"]
[SourceQuality "1"]

1. e4 c5 2. Nf3 d6 3. d4 cxd4 4. Nxd4 Nf6 5. Nc3 a6 6. g3 e5 7. Nb3 Be7 8. Bg2 0-0 9. a4 Be6 10. 0-0 Nbd7 11. Re1 Rc8 12. Nd2 Nb6 13. Nf1 Qc7 14. Ne3 Rfe8 15. a5 Nbd7 16. Ncd5 Bxd5 17. exd5 g6 18. c4 Rf8 19. b4 Ne8 20. Bb2 f5 21. Rc1 b6 22. axb6 Qxb6 23. Qa4 Nef6 24. c5 dxc5 25. d6 Qxd6 26. Nc4 Qb8 27. Qxa6 e4 28. Qe6+ Rf7 29. Bxf6 Nf8 30. Qd5 Rd8 31. Be5 Qxb4 32. Nd6 Bxd6 33. Bxd6 Qd4 34. Red1 Qxd5 35. Rxd5 Rfd7 36. Rcd1 c4 37. Bf1 c3 38. Bc4 c2 39. Rc1 Ne6 40. Rxc2 Rxd6 41. Re5 Kf7 42. Bxe6+ Rxe6 43. Rc7+ Kf6 44. Rxe6+ Kxe6 45. Rxh7 Rd1+ 46. Kg2 Rd2 47. Kf1 Ra2 48. Rg7 Kf6 49. Rb7 e3 50. fxe3 Rxh2 51. Rb4 Ra2 52. Rb6+ Kg5 53. Rb4 Kh5 54. Rh4+ Kg5 55. Rb4 Kf6 56. Rb6+ Ke5 57. Rb4 g5 58. Rd4 g4 59. Rb4 1/2-1/2

[Event "GRE-ch U20"]
[Site "Trikala"]
[Date "2021.08.26"]
[Round "5"]
[White "Dristellas, Neoklis"]
[Black "Galanis, Nikolaos Panagiotis"]
[Result "0-1"]
[WhiteElo "1865"]
[BlackElo "1643"]
[PlyCount "90"]
[EventDate "2021.08.23"]
[EventType "swiss"]
[EventRounds "9"]
[EventCountry "GRE"]
[SourceTitle "EXT 2022"]
[Source "ChessBase"]
[SourceDate "2021.10.06"]
[SourceVersion "1"]
[SourceVersionDate "2021.10.06"]
[SourceQuality "1"]

1. e4 c5 2. Nf3 d6 3. d4 cxd4 4. Nxd4 Nf6 5. Nc3 a6 6. Be2 e5 7. Nb3 Be6 8. f4 exf4 9. Bxf4 Nc6 10. Qd2 Qc7 11. 0-0-0 Rd8 12. h4 Be7 13. h5 h6 14. g4 b5 15. Bf3 Ne5 16. Be2 Rc8 17. Kb1 b4 18. Bxe5 dxe5 19. Nd5 Bxd5 20. exd5 Ne4 21. Qe3 Qxc2+ 22. Ka1 Bg5 23. Qf3 Nd6 24. Bd3 Qc7 25. Rhe1 0-0 26. Rxe5 Bf6 27. Re2 a5 28. Bb1 Rfe8 29. Nd4 a4 30. Rc2 Qb6 31. Rxc8 Rxc8 32. Nf5 a3 33. Bd3 axb2+ 34. Kb1 Qc5 35. Qe3 Qc7 36. Nxd6 Qxd6 37. Bf5 Bg5 38. Qe1 Rc1+ 39. Kxb2 Qh2+ 40. Kb3 Rc3+ 41. Ka4 Qxa2+ 42. Kb5 Qc4+ 43. Kb6 Bd8+ 44. Ka7 Ra3+ 45. Kb7 Qc7# 0-1

[Event "GRE-ch U18"]
[Site "Chania"]
[Date "2021.07.19"]
[Round "7"]
[White "Tsilidis, Christos"]
[Black "Dristellas, Neoklis"]
[Result "0-1"]
[WhiteElo "1519"]
[BlackElo "1893"]
[PlyCount "58"]
[EventDate "2021.07.15"]
[EventType "swiss"]
[EventRounds "9"]
[EventCountry "GRE"]
[SourceTitle "EXT 2022"]
[Source "ChessBase"]
[SourceDate "2021.10.06"]
[SourceVersion "1"]
[SourceVersionDate "2021.10.06"]
[SourceQuality "1"]

1. d4 Nf6 2. c4 e6 3. Nf3 c5 4. d5 exd5 5. cxd5 d6 6. Nc3 g6 7. e4 a6 8. a4 Bg4 9. Be2 Bxf3 10. Bxf3 Bg7 11. 0-0 0-0 12. Re1 Nbd7 13. Bf4 Qc7 14. Qd2 Rfe8 15. h4 Ne5 16. Bxe5 Rxe5 17. g3 Rb8 18. a5 b5 19. axb6 Rxb6 20. Ra4 Qb7 21. Rea1 Rxb2 22. Qd3 Re8 23. Rxa6 Rb3 24. Bd1 Rxc3 25. Qxc3 Nxe4 26. Qd3 Bxa1 27. Rxa1 Qb2 28. Ra3 Qxf2+ 29. Kh1 Nxg3+ 0-1

[Event "EU-ch Amateur Online Final 1700/2000"]
[Site "Tornelo INT"]
[Date "2021.04.25"]
[Round "8"]
[White "Dristellas, Neoklis"]
[Black "Ozakpinar, Emre"]
[Result "0-1"]
[WhiteElo "1893"]
[BlackElo "1717"]
[PlyCount "54"]
[EventDate "2021.04.25"]
[EventType "swiss (rapid)"]
[EventRounds "9"]
[EventCountry "NET"]
[SourceTitle "EXT 2023"]
[Source "ChessBase"]
[SourceDate "2022.10.05"]
[SourceVersion "1"]
[SourceVersionDate "2022.10.05"]
[SourceQuality "1"]

1. e4 e6 2. d4 d5 3. e5 c5 4. c3 Nc6 5. Nf3 Qb6 6. a3 cxd4 7. cxd4 f6 8. b4 Bd7 9. Nc3 fxe5 10. dxe5 Nge7 11. Bd3 g6 12. 0-0 Bg7 13. Qe2 Nd4 14. Nxd4 Qxd4 15. Bb2 Qxe5 16. Qd2 0-0 17. Na4 Qd6 18. Bxg7 Kxg7 19. Nc5 b6 20. Qb2+ Kg8 21. Nxd7 Qxd7 22. Rae1 Nf5 23. Qe5 Rae8 24. Rc1 Qd6 25. Qxd6 Nxd6 26. Rc6 Nf5 27. Rfc1 Nd4 0-1

[Event "EU-ch Amateur Online 1700/2000"]
[Site "Tornelo INT"]
[Date "2021.04.24"]
[Round "5"]
[White "Dristellas, Neoklis"]
[Black "Kosta, Kelvin"]
[Result "1-0"]
[WhiteElo "1893"]
[BlackElo "1223"]
[PlyCount "37"]
[EventDate "2021.04.24"]
[EventType "swiss (rapid)"]
[EventRounds "8"]
[EventCountry "NET"]
[SourceTitle "EXT 2023"]
[Source "ChessBase"]
[SourceDate "2022.10.05"]
[SourceVersion "1"]
[SourceVersionDate "2022.10.05"]
[SourceQuality "1"]

1. e4 d6 2. d4 c6 3. Nc3 g6 4. Be3 Bg7 5. f3 Qc7 6. Qd2 Nd7 7. h4 h5 8. Nh3 Ngf6 9. Ng5 b6 10. 0-0-0 Bb7 11. Bc4 d5 12. Bf4 Qc8 13. exd5 cxd5 14. Bd3 a6 15. Rde1 Qc6 16. Re2 e6 17. Bxg6 Ke7 18. Bxf7 Nf8 19. Bxe6 1-0